| 000 | 00673nam a22002057a 4500 | ||
|---|---|---|---|
| 999 |
_c10091 _d10091 |
||
| 003 | AR-CdUCM | ||
| 008 | 190329b ||||| |||| 00| 0 spa d | ||
| 040 |
_aMUNICIPALIDAD PROVINCIAL DEL CUSCO _cBIBLIOTECA MUNICIPAL DEL CUSCO |
||
| 082 |
_25ed. _a808.3 / _bW31V / 1951 |
||
| 100 |
_aWast, Hugo _924614 |
||
| 245 | _aVocación de escritor / | ||
| 260 |
_aBuenos Aires : _bThau Editores, _c1951. |
||
| 300 |
_a291 páginas ; _c18 cm. |
||
| 505 | _aContenido: No apaguéis el espíritu -- Composición de la novela -- Artista y artesano. | ||
| 650 |
_aNovela _95 |
||
| 650 |
_aPreceptiva literaria _98944 |
||
| 650 |
_aAutores _9730 |
||
| 942 |
_2ddc _cLIBROS |
||
| 945 | _aacv | ||